000 00620nam a2200217Ia 4500
003 OSt
005 20260305114301.0
008 210210b1954 xxu||||| |||| 00| 0 eng d
040 _cAL
041 _aHindi
082 _a862/20
100 _aBHATIA (B M)
_dभाटिया (बी एम)
_9257759
245 _aSugam samanya arthashastra
_b सुगम सामान्य अर्थशास्त्र
260 _aDilli
_b-
_c1954
650 _aSugam
_9257760
650 _asamanya
_9257761
650 _aarthashastra
_9257762
690 _aHindi Prose
_9257763
906 _a023266
942 _2ddc
_cBK
999 _c148203
_d148203